Prevenir y vivir : (Record no. 172741)

MARC details
000 -LEADER
fixed length control field 01109nam a22003017a 4500
005 - DATE AND TIME OF LATEST TRANSACTION
control field 20260416114509.0
008 - FIXED-LENGTH DATA ELEMENTS--GENERAL INFORMATION
fixed length control field 260416b sp ||||| |||| 00| 0 spa d
020 ## - INTERNATIONAL STANDARD BOOK NUMBER
International Standard Book Number 8477510210 (obra completa)
020 ## - INTERNATIONAL STANDARD BOOK NUMBER
International Standard Book Number 8477510202 (vol. 1)
020 ## - INTERNATIONAL STANDARD BOOK NUMBER
International Standard Book Number 8477510229 (vol. 2)
020 ## - INTERNATIONAL STANDARD BOOK NUMBER
International Standard Book Number 8477510237 (vol. 3)
020 ## - INTERNATIONAL STANDARD BOOK NUMBER
International Standard Book Number 8477510245 (vol. 4)
020 ## - INTERNATIONAL STANDARD BOOK NUMBER
International Standard Book Number 8477510253 (vol. 5)
020 ## - INTERNATIONAL STANDARD BOOK NUMBER
International Standard Book Number 8477510261 (vol. 6)
020 ## - INTERNATIONAL STANDARD BOOK NUMBER
International Standard Book Number 847751027X (vol. 7)
020 ## - INTERNATIONAL STANDARD BOOK NUMBER
International Standard Book Number 8477510288 (vol. 8)
020 ## - INTERNATIONAL STANDARD BOOK NUMBER
International Standard Book Number 8477510296 (vol. 10)
050 04 - LIBRARY OF CONGRESS CALL NUMBER
Classification number RC81.A2
Item number P74 1992
245 00 - TITLE STATEMENT
Title Prevenir y vivir :
Remainder of title el médico responde
250 ## - EDITION STATEMENT
Edition statement 1a ed.
260 ## - PUBLICATION, DISTRIBUTION, ETC. (IMPRINT)
Place of publication, distribution, etc Barcelona :
Name of publisher, distributor, etc Planeta Internacional,
Date of publication, distribution, etc 1992.
300 ## - PHYSICAL DESCRIPTION
Extent 9 V. :
Other physical details il. ;
Dimensions 29 cm.
504 ## - BIBLIOGRAPHY, ETC. NOTE
Bibliography, etc Incluye bibliografía e indice
505 ## - FORMATTED CONTENTS NOTE
Title V.1 - a-canc --
-- V.2 - cand-don --
-- V.3 - drog-fot --
-- V.4 - frac-infa --
-- V.5 - infe-med --
-- V.6 - med-pad --
-- V.7 - pad-rab --
-- V.8 - rad-term --
-- V.9 - term-zum
650 #7 - SUBJECT ADDED ENTRY--TOPICAL TERM
Source of heading or term lemb
Topical term or geographic name as entry element Salud
Form subdivision Enciclopedias y diccionarios
650 #7 - SUBJECT ADDED ENTRY--TOPICAL TERM
Source of heading or term lemb
Topical term or geographic name as entry element Diccionarios médicos
Form subdivision Enciclopedias y diccionarios
942 ## - ADDED ENTRY ELEMENTS (KOHA)
Source of classification or shelving scheme Biblioteca del Cogreso de los Estados Unidos
Koha item type Libro
Holdings
Estado de pérdida Fuente de clasificación Estado del daño No para préstamo Ubicación permanente Ubicación actual Apartado o colección Fecha de adquisición Edición Enumeración de Serie / Cronológica Área del conocimiento Total Checkouts Clasificación Código de Barras Date last seen Número de copia Costo por reposición Tipo de recurso
  Biblioteca del Cogreso de los Estados Unidos     Biblioteca de la Escuela de Enfermería y Salud Pública Biblioteca de la Escuela de Enfermería y Salud Pública Consulta 16/04/2026 1a ed. V.1 Ciencias de la Salud   RC81.A2 P74 1992 ENT000005198 16/04/2026 1 1.00 Libro
  Biblioteca del Cogreso de los Estados Unidos     Biblioteca de la Escuela de Enfermería y Salud Pública Biblioteca de la Escuela de Enfermería y Salud Pública Consulta 16/04/2026 1a ed. V.2 Ciencias de la Salud   RC81.A2 P74 1992 ENT000005199 16/04/2026 1 1.00 Libro
  Biblioteca del Cogreso de los Estados Unidos     Biblioteca de la Escuela de Enfermería y Salud Pública Biblioteca de la Escuela de Enfermería y Salud Pública Consulta 16/04/2026 1a ed. V.3 Ciencias de la Salud   RC81.A2 P74 1992 ENT000005200 16/04/2026 1 1.00 Libro
  Biblioteca del Cogreso de los Estados Unidos     Biblioteca de la Escuela de Enfermería y Salud Pública Biblioteca de la Escuela de Enfermería y Salud Pública Consulta 16/04/2026 1a ed. V.4 Ciencias de la Salud   RC81.A2 P74 1992 ENT000005201 16/04/2026 1 1.00 Libro
  Biblioteca del Cogreso de los Estados Unidos     Biblioteca de la Escuela de Enfermería y Salud Pública Biblioteca de la Escuela de Enfermería y Salud Pública Consulta 16/04/2026 1a ed. V5 Ciencias de la Salud   RC81.A2 P74 1992 ENT000005202 16/04/2026 1 1.00 Libro
  Biblioteca del Cogreso de los Estados Unidos     Biblioteca de la Escuela de Enfermería y Salud Pública Biblioteca de la Escuela de Enfermería y Salud Pública Consulta 16/04/2026 1a ed. V.6 Ciencias de la Salud   RC81.A2 P74 1992 ENT000005203 16/04/2026 1 1.00 Libro
  Biblioteca del Cogreso de los Estados Unidos     Biblioteca de la Escuela de Enfermería y Salud Pública Biblioteca de la Escuela de Enfermería y Salud Pública Consulta 16/04/2026 1a ed. V.7 Ciencias de la Salud   RC81.A2 P74 1992 ENT000005204 16/04/2026 1 1.00 Libro
  Biblioteca del Cogreso de los Estados Unidos     Biblioteca de la Escuela de Enfermería y Salud Pública Biblioteca de la Escuela de Enfermería y Salud Pública Consulta 16/04/2026 1a ed. V.8 Ciencias de la Salud   RC81.A2 P74 1992 ENT000005205 16/04/2026 1 1.00 Libro
  Biblioteca del Cogreso de los Estados Unidos     Biblioteca de la Escuela de Enfermería y Salud Pública Biblioteca de la Escuela de Enfermería y Salud Pública Consulta 16/04/2026 1a ed. V.9 Ciencias de la Salud   RC81.A2 P74 1992 ENT000005206 16/04/2026 1 1.00 Libro